000 00384nam a2200145Ia 4500
008 230711s9999||||xx |||||||||||||| ||und||
041 _aENG
082 _a720
_bGE-W
100 _aGerald K. Geerlings
245 0 _aWrought iron in Architecture : An illustrated survey
250 _a1st Ed.
260 _c1956
_aNew York
_bDover Publications,Inc
650 _aArchitecture
942 _cBK
999 _c2236
_d2236